00875nam a22002177a 450000500170000000800410001702000180005805000200007624501600009625000110025626000470026730000280031450400380034265000560038065000420043665000390047870000260051770000260054370000250056971000630059420150124124131.0121205t nyu||||| |||| 00| 0 eng d a978019515108404aRA445bG53 200504aThe guide to community preventive servicesb : what works to promote healthc / Stephanie Zaza, Peter A. Briss co-director ; Kate W. Harris managing editor a1a ed. aNew York :bOxford University Press,c2005 axxxvi, 506 p. ;c23 cm. aIncluye bibliografía e índice 72LEMBaServicios de salud preventivazEstados Unidos 72LEMBaSalud públicazEstados Unidos 4aServicios de saludzEstados Unidos1 aZaza, Stephanieedir.1 aBriss, Peter A.edir.1 aHarris, Kate W.eed.1 aUnited StatesbTask Force on Community Preventive Services